| 000 | 01364nam a2200253 a 4500 | ||
|---|---|---|---|
| 003 | MX-MxUPN | ||
| 005 | 20231128063705.0 | ||
| 008 | 231018s2012 mx a||||r|||| 000 0 spa d | ||
| 020 | _a9786078279098 | ||
| 040 |
_aMX-MxUPN _bspa _cMX-MxUPN |
||
| 041 | 0 | _aspa | |
| 050 | 1 | 4 |
_aLB1585 M63 _bC65 2012 |
| 245 | 1 | 4 |
_aLos colores y las sombras según la ciencia : _bcuaderno del alumno : primaria ciclo II (3° y 4°) : educación primaria indígena y de la población migrante |
| 246 | 1 | 3 |
_aCuaderno de ciencias, tecnologías y narrativas de las culturas indígenas y migrantes : _bcuaderno del alumno : primaria ciclo II (3° y 4°) : educación primaria indígena y de la población migrante |
| 250 | _aPrimera edición. | ||
| 260 |
_aMéxico, D.F. : _bSecretaría de Educación Pública, Dirección General de Educación Indígena, _c2012 |
||
| 300 |
_a48, 47 páginas : _bilustraciones |
||
| 500 | _aTítulo de la portada adicional : Cuaderno de ciencias, tecnologías y narrativas de las culturas indígenas y migrantes : cuaderno del alumno : primaria ciclo II (3° y 4°) : educación primaria indígena y de la población migrante | ||
| 650 | 4 |
_aCiencias naturales _xEstudio y enseñanza (Elemental) _92812 |
|
| 650 | 4 |
_aIndígenas de México _xCultura _95206 |
|
| 902 |
_aGCH181023 _bVíctor Ruiz/231123 |
||
| 942 |
_2lcc _cLIBRO |
||
| 999 |
_c210520 _d210520 |
||